<La> responsabilité des dirigeants.

Zamestnanci, akcionári, štát. Zodpovednosť šéfov je neobmedzená. Ako sa môžu chrániť? Šéfovia s právnou alebo faktickou zodpovednosťou. Obmedzená právomoc. Civilná zodpovednosť. Trestná zodpovednosť. Príloha: osobná zodpovednosť a štatút, administratívna a delegovaná zodpovednosť. Poistenie. (L'Entr...

Ausführliche Beschreibung

Gespeichert in:
Bibliographische Detailangaben
1. Verfasser: Denoune, M.
Format: Buchkapitel
Sprache:Französisch
Schlagworte:
Tags: Tag hinzufügen
Keine Tags, Fügen Sie das erste Tag hinzu!

MARC

LEADER 00000naa a2200000 4500
001 r008713
005 20220913125222.1
041 0 |a fre 
044 |a FR 
245 1 0 |a <La> responsabilité des dirigeants.  |c M. Denoune 
520 |a Zamestnanci, akcionári, štát. Zodpovednosť šéfov je neobmedzená. Ako sa môžu chrániť? Šéfovia s právnou alebo faktickou zodpovednosťou. Obmedzená právomoc. Civilná zodpovednosť. Trestná zodpovednosť. Príloha: osobná zodpovednosť a štatút, administratívna a delegovaná zodpovednosť. Poistenie. (L'Entreprise 1992, č.77). 
610 2 0 |a pracovníci vedúci 
610 2 0 |a pracovníci riadiaci 
610 2 0 |a zodpovednosť osobná 
610 2 0 |a riadenie podnikové 
610 2 0 |a zodpovednosť 
100 1 |a Denoune, M.